000 00524nam a2200193Ia 4500
003 GCL
008 140319s9999 xx 000 0 ara d
040 _aGCL /
_cGCL
082 0 4 _a321.8
_bد د
100 1 _aدال، ابه روبرت
245 1 0 _aالديمقراطية ونقادها /
_cدال، ابه روبرت
700 1 _aنمير عباس مظفر
700 1 _aفاروق منصور
300 _a600 ص
490 _a
650 0 4 _aالسياسة
650 0 4 _aالديمقراطية
942 _2ddc
_cBK
999 _c44482
_d44482